| 000 | 00839cam a22002297a 4500 | ||
|---|---|---|---|
| 020 | _a071313659 | ||
| 082 |
_a624.1834 _bMAR _cL-20,p-169 |
||
| 100 | 1 |
_aMartin, L. H. _943156 |
|
| 245 | 1 | 0 |
_aConcrete design to BS 8110 _cL.H. Martin, J.A. Purkiss. |
| 250 | _a1st ed. | ||
| 260 |
_aLondon ; _bEdward Arnold., _c1989. |
||
| 300 |
_axxix, 477 p. : _bill. ; _c25 cm. |
||
| 500 | _aEarlier ed. has title: Structural design in concrete to BS 8110. | ||
| 526 |
_a0 _b0 _c0 _d624_183400000000000_MAR |
||
| 650 | 0 |
_aConcrete construction _xStandards _zEuropean Union countries. _91031 |
|
| 650 | 0 | _aConcrete construction. | |
| 650 | 0 |
_aMCE _9379 |
|
| 700 | 1 |
_aPurkiss, J. A. _91032 |
|
| 856 | 4 | 1 | _uhttp://www.loc.gov/catdir/toc/fy0801/2007278709.html |
| 856 | 4 | 2 | _uhttp://www.loc.gov/catdir/enhancements/fy0742/2007278709-d.html |
| 942 |
_2ddc _cBK |
||
| 999 |
_c546972 _d546972 |
||